Introducción a la epistemología genética : 3. el pensamiento biológico, psicológico y sociológico.

Furkejuvvon:
Bibliográfalaš dieđut
Váldodahkki: Piaget, Jean (autor)
Eará dahkkit: Fischman, Víctor, tr (autor) tr, (autor)
Materiálatiipa: Girji
Giella:espánnjágiella
Ráidu:(Psicología evolutiva ; no. 12)
Fáttát:
Fáddágilkorat: Lasit fáddágilkoriid
Eai fáddágilkorat, Lasit vuosttaš fáddágilkora!

MARC

LEADER 00000cam^a2200000uu^4500
001 000466960
005 20250521000000.0
008 050901s1994^^^^^^^^^^^^rd^r^^000^0^spa^d
009 20260526145952.578
022 |a 9688530654 
035 |a FCE 000009601 
035 |a FCE 027227 
037 |a Acervo ITESO - Biblioteca 
041 |a spa 
082 0 4 |a 155.7  |b PIAi v.3 
100 |a Piaget, Jean  |e (autor) 
245 1 0 |a Introducción a la epistemología genética :  |b 3. el pensamiento biológico, psicológico y sociológico. 
264 |a México :  |b Paidós,  |c 1994. 
300 |a 281 p. 
336 |a texto  |b txt  |2 rdacontenido 
337 |a sin mediación  |b n  |2 rdamedio 
338 |a volumen  |b nc  |2 rdasoporte 
440 0 |a (Psicología evolutiva ;  |v no. 12) 
596 |a Traducción de: introduction a l'epistemologie genetique : III. la pensee biologique, et la pensee sociologique 
649 |a XX 
650 |a Teoría 
650 |a Epistemología 
650 |a Psicología Cognitiva 
650 |a Teoría del conocimiento 
650 |a Psicología Evolutiva 
650 |a Pensamiento lógico 
650 |a Genética 
650 |a Lógica 
700 |a Fischman, Víctor,  |e tr  |e (autor) 
910 |a Fondo Centro de Estudios Educativos 
920 |a Impresos - Libros 
930 |a Fondos Especiales 
905 |a 133 
901 |a ALE027227  |b IT2  |c CEE  |u 20250521 
902 |a https://opac.biblio.iteso.mx/vufind/Record/000466960